00525nam a22001697a 450000500170000001000150001702000260003203500140005803700130007208200130008510000250009824500730012326000450019627000630024130000210030470000300032520240103115855.0 aENG-135380 a9780199467181c200.00 aEN-118912 bDBAD/PUB a791.4572 aShakespeare, William aAs you like it/cBy William Shakespeare ; Edited By Isabel J. Bisson aNew DelhibOxford University pressc2016 aYMCA Library building, 1 Jai singh roadbNew Delhie110001 a184p.c22cm(pbk) aBisson, Isabel J.eEditor